The Wizard of Oz - Characters by Picture - Statistics

General Stats
  • This quiz has been taken 122 times
  • The average score is 9 of 14
Answer Stats
Picture Answer % Correct
Dorothy Gale
99%
The Scarecrow / Huck
86%
The Tin Man / Hickory
86%
Toto
82%
The Cowardly Lion / Zeke
79%
The Wizard of Oz
79%
The Wicked Witch of the West / Almira Gulch
76%
Glinda
74%
Auntie Em
66%
Uncle Henry
49%
Munchkins
46%
Professor Marvel
30%
Angry Apple Tree
26%
Nikko
11%
No matching quizzes found
Score Distribution
Percent of People with Each Score
Percentile by Number Answered
Your Score History
You have not taken this quiz